书目信息 |
| 题名: |
不可磨灭的历史记忆
|
|
| 作者: | 刘芳 主编 ;河南红旗渠干部学院 编著 | |
| 分册: | ||
| 出版信息: | 北京 人民日报出版社 2025.04 |
|
| 页数: | 283页 | |
| 开本: | 24cm | |
| 丛书名: | ||
| 单 册: | ||
| 中图分类: | S279.261.3 , S279.261 | |
| 科图分类: | ||
| 主题词: | ||
| 电子资源: | ||
| ISBN: | 978-7-5115-8728-2 | |
| 000 | 01146nam0 2200289 450 | |
| 001 | 93887 | |
| 005 | 20250819173945.09 | |
| 010 | @a978-7-5115-8728-2@dCNY48.00 | |
| 100 | @a20250411d2025 em y0chiy50 ea | |
| 101 | 0 | @achi |
| 102 | @aCN@b110000 | |
| 105 | @aa z 000yy | |
| 106 | @ar | |
| 200 | 1 | @a不可磨灭的历史记忆@Abu ke mo mie de li shi ji yi@e红旗渠口述史@f河南红旗渠干部学院编著 |
| 210 | @a北京@c人民日报出版社@d2025.04 | |
| 215 | @a283页@c图@d24cm | |
| 314 | @a书内题: 刘芳主编 | |
| 330 | @a本书收录了来自不同背景的修渠参与者的故事, 包括年轻女工、夫妻档、石匠、电话线架设工、广播员等, 涵盖了修渠工程的方方面面。他们的讲述真实呈现了当时的艰苦环境和坚韧不拔的精神面貌。书中不仅记录了修渠时的辛劳与艰辛, 也展现了修渠给当地带来的深远影响。 | |
| 333 | @a河南红旗渠干部学院教材 | |
| 517 | 1 | @a红旗渠口述史@Ahong qi qu kou shu shi |
| 607 | @a红旗渠@Ahong qi qu@x水利史@x干部培训@j教材 | |
| 690 | @aS279.261.3@v5 | |
| 690 | @aS279.261@v4 | |
| 701 | 0 | @a刘芳@Aliu fang@4主编 |
| 712 | 02 | @a河南红旗渠干部学院@Ahe nan hong qi qu gan bu xue yuan@4编著 |
| 801 | 0 | @aCN@c20250909 |
| 905 | @a河南城建学院图书馆@dS279.261@eL612@f1 | |
| 不可磨灭的历史记忆:红旗渠口述史/河南红旗渠干部学院编著.-北京:人民日报出版社,2025.04 |
| 283页:图;24cm |
| 使用对象:河南红旗渠干部学院教材 |
| ISBN 978-7-5115-8728-2:CNY48.00 |
| 本书收录了来自不同背景的修渠参与者的故事, 包括年轻女工、夫妻档、石匠、电话线架设工、广播员等, 涵盖了修渠工程的方方面面。他们的讲述真实呈现了当时的艰苦环境和坚韧不拔的精神面貌。书中不仅记录了修渠时的辛劳与艰辛, 也展现了修渠给当地带来的深远影响。 |
| ● |
| 相关链接 |
|
|
|
正题名:不可磨灭的历史记忆
索取号:S279.261/L612
 
预约/预借
| 序号 | 登录号 | 条形码 | 馆藏地/架位号 | 状态 | 备注 |
| 1 | 1627815 | 216278150 | 自科库401/401自科库 67排1列5层/ [索取号:S279.261/L612] | 在馆 |